All AFL Teams - Statistics

General Stats
  • This quiz has been taken 99 times
  • The average score is 17 of 21
Answer Stats
Former/Current Team Team Name % Correct
Current Adelaide Crows
92%
Current Carlton Blues
91%
Current Brisbane Lions
89%
Current Collingwood Magpies
87%
Current Fremantle Dockers
87%
Current Sydney Swans
87%
Current Gold Coast Suns
86%
Current Western Bulldogs
86%
Current Greater Western Sydney Giants
85%
Current Essendon Bombers
84%
Former Fitzroy Lions
84%
Current Port Adelaide Power
84%
Current Geelong Cats
82%
Current Richmond Tigers
82%
Current Hawthorn Hawks
81%
Current Melbourne Demons
81%
Current West Coast Eagles
81%
Former Brisbane Bears
80%
Current North Melbourne Kangaroos
80%
Current Saint Kilda Saints
78%
Former University
44%
No matching quizzes found
Score Distribution
Percent of People with Each Score
Percentile by Number Answered
Your Score History
You have not taken this quiz